Tour de France 2021-Classement général - Statistiques

Statistiques générales
  • Ce quiz a été pris 185 fois
  • Le résultat moyen est 10 sur 15
Statistiques - réponses
Rang Nationalité Équipe Nom Écart % Correct
1 Slovénie UAE Pogačar 82h 56min 36s
99%
2 Danemark Jumbo-Visma Vingegaard + 5min 20s
97%
11 France FDJ Gaudu + 21min 50s
92%
8 France Cofidis Martin + 15min 33s
92%
3 Équateur Ineos Carapaz + 7min 03s
90%
10 Colombie EF Uran + 18min 34s
85%
6 Espagne Movistar Mas + 11min 43s
82%
4 Australie AG2R O’Connor + 10min 02s
79%
7 Kazakhstan Astana Lutsenko + 12min 23s
73%
14 Afrique du Sud Wanty-Gobert Meintjes + 38min 09s
65%
9 Espagne Bahrain Bilbao + 16min 04s
45%
5 Pays-Bas Bora Kelderman + 10min 13s
33%
13 Colombie BikeExchange Chaves + 37min 48s
26%
15 France AG2R Paret-Peintre + 39min 09s
26%
12 Italie Quick-Step Cattaneo + 24min 58s
25%
Aucun quiz correspondant
Distribution des résultats
% des personnes avec chaque résultat
Percentile par nombre de réponses
Votre historique - résultats
Vous n’avez pas pris ce quiz